[Event "36th Olympiad w"]
[Site "Calvia ESP"]
[Date "2004.10.26"]
[Round "11"]
[White "Madl,I"]
[Black "Xie Jun"]
[Result "1/2-1/2"]
[WhiteElo "2369"]
[BlackElo "2569"]
[EventDate "2004.10.15"]

1. e4 e5 2. Nf3 Nc6 3. Bb5 a6 4. Ba4 Nf6 5. O-O Be7 6. Bxc6 dxc6 7. d3 Nd7
8. b3 O-O 9. Bb2 Bf6 10. Nbd2 Re8 11. h3 c5 12. Nh2 Nf8 13. Ng4 Bxg4 14.
hxg4 Re6 15. g3 Ng6 16. Qe2 Bg5 1/2-1/2

[Event "36th Olympiad w"]
[Site "Calvia ESP"]
[Date "2004.10.26"]
[Round "11"]
[White "Zhao Xue"]
[Black "Vajda,S"]
[Result "1/2-1/2"]
[WhiteElo "2487"]
[BlackElo "2369"]
[EventDate "2004.10.15"]

1. d4 d5 2. c4 Nc6 3. cxd5 Qxd5 4. e3 e5 5. Nc3 Bb4 6. Bd2 Bxc3 7. Bxc3
exd4 8. Ne2 Nf6 9. Nxd4 O-O 10. Be2 Ne4 11. O-O Nxd4 12. Qxd4 Nxc3 13. Qxc3
Qd6 14. Rfd1 Qe7 15. b4 c6 16. a4 a6 17. Qc5 Qf6 18. Qb6 Qe7 19. Rd4 Be6
20. a5 Rad8 21. Rad1 Rxd4 22. Rxd4 Bd5 23. Qc5 Qe6 24. Bd3 f5 25. Rf4 Rf7
26. h4 g6 27. Rd4 Kg7 28. Qc3 Qf6 29. Bc4 Bxc4 30. Qxc4 Re7 31. Qc5 Kf7 32.
Qb6 Qe6 33. Qd8 Re8 34. Qg5 Re7 35. Qh6 Kg8 36. h5 Qf7 37. Qg5 Kf8 38. Qh6+
Kg8 39. Qg5 Kf8 40. Qh6+ 1/2-1/2

[Event "36th Olympiad w"]
[Site "Calvia ESP"]
[Date "2004.10.26"]
[Round "11"]
[White "Gara,A"]
[Black "Huang Qian"]
[Result "1/2-1/2"]
[WhiteElo "2390"]
[BlackElo "2371"]
[EventDate "2004.10.15"]

1. e4 c5 2. Nf3 d6 3. d4 Nf6 4. Nc3 cxd4 5. Nxd4 a6 6. Be3 Ng4 7. Bg5 h6 8.
Bh4 g5 9. Bg3 Bg7 10. h3 Ne5 11. Nf5 Bxf5 12. exf5 Nbc6 13. Nd5 e6 14. fxe6
fxe6 15. Ne3 Qe7 16. Be2 O-O-O 17. O-O d5 18. c3 Nd7 19. Rc1 Be5 20. Bxe5
Ndxe5 21. b4 Kb8 22. Nc2 Ng6 23. a4 Nf4 24. b5 axb5 25. axb5 Ne5 26. Nd4
Nd7 27. Re1 e5 28. Bg4 Qd6 29. Bxd7 1/2-1/2

[Event "36th Olympiad w"]
[Site "Calvia ESP"]
[Date "2004.10.26"]
[Round "11"]
[White "Dzagnidze,N"]
[Black "Vijayalakshmi,S"]
[Result "1-0"]
[WhiteElo "2484"]
[BlackElo "2411"]
[EventDate "2004.10.15"]

1. d4 Nf6 2. c4 e6 3. Nc3 Bb4 4. Qc2 O-O 5. a3 Bxc3+ 6. Qxc3 b6 7. Bg5 Ba6
8. Nf3 d6 9. e3 Nbd7 10. b4 c5 11. dxc5 bxc5 12. Bd3 Rc8 13. b5 Bb7 14. O-O
Bxf3 15. gxf3 Ne5 16. Be2 Ne4 17. fxe4 Qxg5+ 18. Kh1 Qg6 19. f3 f5 20. f4
Nd7 21. Rg1 Qf6 22. Qa5 Qe7 23. e5 Nb6 24. exd6 Qb7+ 25. Rg2 Rcd8 26. Rd1
Rf7 27. Qc3 Qe4 28. Kg1 Nc8 29. Kf2 Nb6 30. Bh5 g6 31. Bxg6 hxg6 32. Rxg6+
Kh7 33. Rdg1 e5 34. Qxe5 Qxe5 35. fxe5 Nxc4 36. R6g5 Kh8 37. e6 Nxd6 38.
exf7 Ne4+ 39. Ke2 Nxg5 40. Rxg5 Rf8 41. Rg8+ 1-0

[Event "36th Olympiad w"]
[Site "Calvia ESP"]
[Date "2004.10.26"]
[Round "11"]
[White "Harika,D"]
[Black "Javakhishvili,L"]
[Result "1/2-1/2"]
[WhiteElo "2391"]
[BlackElo "2423"]
[EventDate "2004.10.15"]

1. Nf3 Nf6 2. c4 e6 3. Nc3 Bb4 4. Qc2 O-O 5. a3 Bxc3 6. Qxc3 b6 7. e3 Bb7
8. Be2 c5 9. b4 Qe7 10. Bb2 Rc8 11. b5 d6 12. d3 Nbd7 13. O-O e5 14. e4 Nf8
15. Qd2 Rc7 16. a4 a6 17. bxa6 Rxa6 18. a5 1/2-1/2

[Event "36th Olympiad w"]
[Site "Calvia ESP"]
[Date "2004.10.26"]
[Round "11"]
[White "Repkova,E"]
[Black "Polgar,Z"]
[Result "0-1"]
[WhiteElo "2410"]
[BlackElo "2567"]
[EventDate "2004.10.15"]

1. e4 e6 2. b3 c5 3. Bb2 b6 4. Nf3 Bb7 5. Nc3 a6 6. Bd3 Nc6 7. O-O d6 8.
Re1 Nf6 9. a3 Be7 10. Ne2 O-O 11. Ng3 Qc7 12. Qe2 Rfe8 13. h3 e5 14. Nf5
Bf8 15. Qe3 Nd4 16. Bxd4 cxd4 17. Qg5 Kh8 18. Qh4 Bc8 19. g4 Qd8 20. g5 Ng8
21. Kh2 g6 22. Re2 gxf5 23. exf5 f6 24. g6 Ra7 25. Rae1 Ree7 26. Bc4 Bxf5
27. Bxg8 Kxg8 28. Qxf6 Bxg6 29. Nh4 Bg7 30. Qf3 Rf7 31. Qg4 Rf4 0-1

[Event "36th Olympiad w"]
[Site "Calvia ESP"]
[Date "2004.10.26"]
[Round "11"]
[White "Krush,I"]
[Black "Pokorna,Reg"]
[Result "1-0"]
[WhiteElo "2464"]
[BlackElo "2370"]
[EventDate "2004.10.15"]

1. d4 Nf6 2. c4 e6 3. Nf3 d5 4. Nc3 Be7 5. Qc2 O-O 6. cxd5 exd5 7. Bf4 c6
8. e3 Nbd7 9. Bd3 Re8 10. h3 Nf8 11. Ne5 Be6 12. O-O N6d7 13. Bh2 f6 14.
Nf3 Nb6 15. Rab1 Bd6 16. Bxd6 Qxd6 17. b4 Bf7 18. Na4 Nxa4 19. Qxa4 a6 20.
Qc2 Bg6 21. Bxg6 Nxg6 22. a4 Rac8 23. Rfc1 Qd7 24. Ne1 Nh4 25. Nd3 Qf5 26.
Nf4 Qg5 27. Qd1 Nf5 28. b5 axb5 29. axb5 Nd6 30. bxc6 bxc6 31. Qa4 Qf5 32.
Rb6 Nc4 33. Rxc6 Qd7 34. Ra6 Nb6 35. Qa1 Qb5 36. Rb1 1-0

[Event "36th Olympiad w"]
[Site "Calvia ESP"]
[Date "2004.10.26"]
[Round "11"]
[White "Danielian,E"]
[Black "Kosintseva,T"]
[Result "1-0"]
[WhiteElo "2437"]
[BlackElo "2493"]
[EventDate "2004.10.15"]

1. d4 Nf6 2. Nf3 d5 3. c4 e6 4. g3 dxc4 5. Bg2 Bb4+ 6. Bd2 a5 7. Qc2 Bxd2+
8. Nbxd2 b5 9. a4 c6 10. b3 cxb3 11. Nxb3 b4 12. Ne5 Nd5 13. Nxc6 Qc7 14.
Bxd5 exd5 15. Nxb4 Qb7 16. Nd3 O-O 17. O-O Bf5 18. Rfc1 Qe7 19. Qd2 Ra6 20.
Ne5 f6 21. Nd3 Nc6 22. Rc3 Rb8 23. Rac1 Qe8 24. Qf4 Ne7 25. Ndc5 Ra7 26.
Re3 Be4 27. Nxe4 dxe4 28. Qxe4 Qxa4 29. Qe6+ Kh8 30. Qf7 Qe8 31. Qxe8+ Rxe8
32. Nxa5 Rd8 33. Nc6 Nxc6 34. Rxc6 h6 35. Re4 Ra1+ 36. Kg2 Rd1 37. e3 Ra8
38. Rc2 Ra7 39. h4 Kh7 40. Re8 Kg6 41. Rec8 h5 42. R8c7 Ra8 43. Rd7 Kh6 44.
Kf3 Rf1 45. d5 Ra5 46. Rd2 g5 47. hxg5+ fxg5 48. Rc2 g4+ 49. Kf4 Ra6 50.
Ke5 Kg5 51. Rc6 Rxc6 52. dxc6 Rxf2 53. c7 Rc2 54. Rd5 1-0

[Event "36th Olympiad w"]
[Site "Calvia ESP"]
[Date "2004.10.26"]
[Round "11"]
[White "Kovalevskaya,E"]
[Black "Mkrtchian,L"]
[Result "1-0"]
[WhiteElo "2471"]
[BlackElo "2374"]
[EventDate "2004.10.15"]

1. e4 e6 2. d4 d5 3. Nc3 Bb4 4. e5 c5 5. a3 Ba5 6. b4 cxd4 7. Nb5 Bc7 8. f4
Ne7 9. Nf3 a6 10. Nxc7+ Qxc7 11. Bd3 h6 12. O-O Bd7 13. Nxd4 Nbc6 14. Nb3
O-O 15. Be3 f6 16. exf6 Rxf6 17. Nc5 Be8 18. Qg4 Bf7 19. Rae1 Rf8 20. Bc1
Nf5 21. Qh3 h5 22. Bb2 d4 23. Ne4 Rh6 24. Ng5 Qd7 25. Rf2 Kh8 26. Rfe2 Bg8
27. Bc4 Ne3 28. Rxe3 dxe3 29. Qxe3 Qc7 30. f5 exf5 31. Bxg8 Kxg8 32. Qb3+
Kh8 33. Re6 Qb6+ 34. Kf1 Rh7 35. Nf7+ Kg8 36. Rxc6 Qb5+ 37. Kf2 1-0

[Event "36th Olympiad w"]
[Site "Calvia ESP"]
[Date "2004.10.26"]
[Round "11"]
[White "Andriasian,S"]
[Black "Kosintseva,N"]
[Result "0-1"]
[WhiteElo "2206"]
[BlackElo "2446"]
[EventDate "2004.10.15"]

1. e4 c5 2. Nf3 Nc6 3. d4 cxd4 4. Nxd4 Nf6 5. Nc3 d6 6. Be2 g6 7. O-O Bg7
8. Be3 O-O 9. Nb3 Be6 10. f4 Rc8 11. Bf3 Na5 12. Nxa5 Qxa5 13. Qd2 Qb4 14.
Rab1 a6 15. a3 Qc4 16. Qf2 b5 17. Rbd1 Qc7 18. Bb6 Qc4 19. f5 Bd7 20. e5
dxe5 21. Bd5 Qg4 22. fxg6 Qxg6 23. Bf3 Bc6 24. Be3 Bxf3 25. Qxf3 Qxc2 26.
Qg3 Qg6 27. Qxe5 Ng4 28. Qg5 Bf6 29. Qxg6+ hxg6 30. Bd4 Rfd8 31. Bxf6 Nxf6
32. Rfe1 Kf8 33. h3 e6 34. Kf2 Ke7 35. Kf3 Rxd1 36. Rxd1 Nd7 37. Rd2 Ne5+
38. Kf4 Nc4 39. Re2 Nxb2 40. Nd5+ Kd6 41. Nb6 Nd3+ 42. Ke3 Rc6 43. Kxd3
Rxb6 44. h4 Rc6 45. g4 Rc4 46. Rg2 Ra4 0-1

[Event "36th Olympiad w"]
[Site "Calvia ESP"]
[Date "2004.10.26"]
[Round "11"]
[White "Yildiz,B"]
[Black "Garcia Vicente,N"]
[Result "1-0"]
[WhiteElo "2131"]
[BlackElo "2213"]
[EventDate "2004.10.15"]

1. e4 e5 2. Nf3 Nc6 3. Bb5 Nf6 4. O-O Nxe4 5. d4 Nd6 6. dxe5 Nxb5 7. a4 d6
8. axb5 Nxe5 9. Re1 Be7 10. Nxe5 dxe5 11. Qxd8+ Kxd8 12. Rxe5 Bd6 13. Re1
Re8 14. Rxe8+ Kxe8 15. Be3 a5 16. Nd2 Bf5 17. c3 Bd3 18. b6 a4 19. bxc7
Bxc7 20. Re1 Kd7 21. Nf3 Rd8 22. Bd4 f6 23. Rd1 Be2 24. Rd2 Re8 25. Be3+
1-0

[Event "36th Olympiad w"]
[Site "Calvia ESP"]
[Date "2004.10.26"]
[Round "11"]
[White "Hernandez,Yu"]
[Black "Topel,Z"]
[Result "1-0"]
[WhiteElo "2201"]
[BlackElo "2062"]
[EventDate "2004.10.15"]

1. e4 c5 2. Nf3 d6 3. d4 Nf6 4. Nc3 cxd4 5. Nxd4 Nc6 6. Bg5 e6 7. Qd2 a6 8.
O-O-O Bd7 9. f3 b5 10. Kb1 Be7 11. h4 Rc8 12. g4 Ne5 13. Qf2 Nc4 14. Bxc4
bxc4 15. Be3 Qa5 16. g5 Nh5 17. Nde2 Rb8 18. f4 O-O 19. f5 Qa3 20. b3 cxb3
21. cxb3 Rfc8 22. Bc1 Qb4 23. Bb2 Bb5 24. Qf3 g6 25. Nd4 Bd7 26. Rhf1 Rf8
27. Nc2 Qb6 28. Ne3 d5 29. exd5 exf5 30. d6 Bd8 31. Ncd5 Qb5 32. Nc4 f6 33.
Ne7+ Kg7 34. Rfe1 a5 35. gxf6+ Nxf6 36. h5 a4 37. hxg6 hxg6 38. Qg3 Be8 39.
Rd5 Qb4 40. Nxf5+ Kg8 41. Rxe8 1-0

[Event "36th Olympiad w"]
[Site "Calvia ESP"]
[Date "2004.10.26"]
[Round "11"]
[White "Bayrak,A"]
[Black "Gonzalez Perez,L"]
[Result "1/2-1/2"]
[WhiteElo "1907"]
[BlackElo "2152"]
[EventDate "2004.10.15"]

1. e4 c6 2. d4 d5 3. exd5 cxd5 4. c4 Nf6 5. Nc3 e6 6. Nf3 Be7 7. Bg5 dxc4
8. Bxc4 O-O 9. O-O h6 10. Bh4 Nc6 11. Re1 b6 12. Bg3 Bb7 13. Qd2 Rc8 14.
Rad1 Na5 15. Bd3 Nd5 16. Bb1 Nc4 17. Qc2 f5 18. Qe2 Qd7 19. Nxd5 Bxd5 20.
b3 Nd6 21. Ne5 Qe8 22. f3 Nb5 23. Rd3 Bb4 24. Rf1 Nc3 25. Qb2 Nxb1 26. Rxb1
Bd6 27. Rc1 Qb5 28. Rdc3 Rxc3 29. Qxc3 f4 30. Be1 Bb7 31. Nc4 Bb8 32. Qd3
Qg5 33. Qe2 Qd5 34. Bf2 Rc8 35. Re1 Re8 36. Ne5 Bxe5 1/2-1/2

[Event "36th Olympiad w"]
[Site "Calvia ESP"]
[Date "2004.10.26"]
[Round "11"]
[White "Llaneza Vega,P"]
[Black "Tilenbaeva,J"]
[Result "1-0"]
[WhiteElo "2181"]
[BlackElo "2080"]
[EventDate "2004.10.15"]

1. e4 c6 2. d4 d5 3. f3 e6 4. Nc3 g6 5. Be3 h5 6. Qd2 Nd7 7. Nh3 b6 8.
O-O-O Bb7 9. exd5 cxd5 10. Bg5 Ne7 11. Nb5 Qb8 12. Bf4 e5 13. dxe5 Nxe5 14.
Bxe5 Qxe5 15. Re1 Qf6 16. Nc7+ Kd8 17. Nxa8 Bg7 18. c3 Bxa8 19. Kb1 Nf5 20.
Ng5 Nd6 21. h4 Bc6 22. Bd3 Kc7 23. Re2 Re8 24. Nh7 Qd8 25. Rxe8 Bxe8 26.
Qe3 Bd7 27. Ng5 Qf6 28. Re1 Bf8 29. Nh7 Qg7 30. Nxf8 Qxf8 31. Qf4 Qd8 32.
c4 Bf5 33. Bxf5 Qf6 34. Re5 gxf5 35. cxd5 Kd7 36. Qa4+ Kd8 37. Re2 f4 38.
Qxa7 Nc8 39. Qa4 Qxh4 40. Re8+ 1-0

[Event "36th Olympiad w"]
[Site "Calvia ESP"]
[Date "2004.10.26"]
[Round "11"]
[White "Collas,S"]
[Black "Batyte,D"]
[Result "1-0"]
[WhiteElo "2349"]
[BlackElo "2130"]
[EventDate "2004.10.15"]

1. Nf3 Nf6 2. c4 g6 3. Nc3 Bg7 4. e4 d6 5. d4 Nc6 6. Be2 Bd7 7. h3 e5 8. d5
Ne7 9. Nd2 c5 10. Rb1 a5 11. b3 b6 12. a3 Nc8 13. Bb2 Qe7 14. Nb5 Bxb5 15.
cxb5 Bh6 16. Bd3 Nh5 17. Nc4 O-O 18. g3 Ra7 19. h4 f5 20. exf5 e4 21. Bc2
e3 22. g4 exf2+ 23. Kxf2 Nf4 24. Qf3 g5 25. Rbe1 Qd8 26. hxg5 Bxg5 27. a4
Ng6 28. Re6 Bh4+ 29. Ke2 Re7 30. Qe4 Rxe6 31. Qxe6+ Rf7 32. fxg6 hxg6 33.
Bxg6 1-0

[Event "36th Olympiad w"]
[Site "Calvia ESP"]
[Date "2004.10.26"]
[Round "11"]
[White "Ivoskaite,D"]
[Black "Milliet,S"]
[Result "0-1"]
[WhiteElo "2043"]
[BlackElo "2299"]
[EventDate "2004.10.15"]

1. d4 d5 2. c4 Nc6 3. Nc3 dxc4 4. e3 e5 5. d5 Nce7 6. Bxc4 Ng6 7. Nf3 Nf6
8. O-O Bd6 9. e4 a6 10. a4 O-O 11. Qe2 Nh5 12. g3 Bg4 13. Bd3 Qd7 14. Nd1
f5 15. Ne3 Ngf4 16. gxf4 Nxf4 17. Qd1 Nxd3 18. Nxg4 fxg4 19. Ng5 Nxf2 20.
Rxf2 Bc5 21. Ne6 Bxf2+ 22. Kg2 Rf3 23. Bd2 Re8 24. Ng5 Rf6 25. Qb3 Bh4 26.
Be3 Bxg5 27. Bxg5 Rf3 28. Qxb7 Qf7 29. Bh4 Qh5 30. Bg3 Qh3+ 31. Kg1 Rxg3+
32. hxg3 Qxg3+ 33. Kf1 Rf8+ 0-1

[Event "36th Olympiad w"]
[Site "Calvia ESP"]
[Date "2004.10.26"]
[Round "11"]
[White "Voiska,M"]
[Black "Gaponenko,I"]
[Result "1/2-1/2"]
[WhiteElo "2380"]
[BlackElo "2445"]
[EventDate "2004.10.15"]

1. c4 e6 2. Nc3 d5 3. e3 Nf6 4. Nf3 Be7 5. d4 O-O 6. Bd3 b6 7. O-O Bb7 8.
b3 c5 9. dxc5 dxc4 10. Bxc4 Bxc5 11. Bb2 Nc6 12. Qe2 a6 13. Rfd1 Qc7 14.
Rac1 Rfd8 15. Rxd8+ Qxd8 16. Rd1 Qc7 17. Bd3 Nb4 18. Bb1 Rd8 19. Rxd8+ Qxd8
20. a3 Nbd5 21. Nxd5 Qxd5 22. Qd3 1/2-1/2

[Event "36th Olympiad w"]
[Site "Calvia ESP"]
[Date "2004.10.26"]
[Round "11"]
[White "Anhchimeg,B"]
[Black "Houska,Jo"]
[Result "0-1"]
[WhiteElo "2235"]
[BlackElo "2298"]
[EventDate "2004.10.15"]

1. e4 c6 2. d4 d5 3. Nd2 dxe4 4. Nxe4 Bf5 5. Ng3 Bg6 6. h4 h6 7. Nf3 Nd7 8.
h5 Bh7 9. Bd3 Bxd3 10. Qxd3 e6 11. Bd2 Ngf6 12. O-O-O Be7 13. Ne4 Nxe4 14.
Qxe4 Nf6 15. Qe2 Qd5 16. c4 Qe4 17. Be3 b5 18. Ne5 bxc4 19. Qxc4 O-O 20.
Rhe1 c5 21. f3 Qd5 22. Kb1 Qxc4 23. Nxc4 cxd4 24. Rxd4 Nxh5 25. Rd7 Bb4 26.
Red1 Rac8 27. b3 a5 28. Ra7 Nf6 29. a3 Bc3 30. Nxa5 Bxa5 31. Rxa5 Rc3 32.
Bc5 Rxb3+ 33. Kc2 Rfb8 34. Bb4 Re3 35. Kd2 Rd8+ 36. Kxe3 Rxd1 37. Bc5 Nd5+
38. Kf2 Rd2+ 39. Kg3 g5 40. Ra8+ Kg7 41. Rd8 Ra2 42. Bd6 Ne3 43. f4 Nf5+
44. Kh2 Nxd6 45. Rxd6 Rxa3 46. fxg5 hxg5 47. Rb6 Re3 48. Kg1 f5 49. Kf2 Re4
50. Kf3 Kf6 51. Rb8 Ra4 52. Rb6 g4+ 53. Kg3 Kg5 54. Rb2 e5 55. Rc2 f4+ 56.
Kf2 g3+ 57. Ke2 Kf5 58. Rb2 Ra1 59. Rb8 Rg1 60. Kd3 Rxg2 61. Rf8+ Ke6 62.
Re8+ Kf6 63. Ke4 Re2+ 64. Kf3 Rf2+ 0-1

[Event "36th Olympiad w"]
[Site "Calvia ESP"]
[Date "2004.10.26"]
[Round "11"]
[White "Richards,H"]
[Black "Batceceg,T"]
[Result "1-0"]
[WhiteElo "2197"]
[BlackElo "2209"]
[EventDate "2004.10.15"]

1. e4 c5 2. c3 d5 3. exd5 Qxd5 4. d4 Nf6 5. Nf3 Bg4 6. dxc5 Qxd1+ 7. Kxd1
Nc6 8. b4 e5 9. h3 O-O-O+ 10. Kc2 Bf5+ 11. Kb2 e4 12. Nfd2 Ne5 13. g4 Bg6
14. Na3 Nd3+ 15. Bxd3 Rxd3 16. Nac4 Nd7 17. Re1 Rxh3 18. Nxe4 Rf3 19. Ned6+
Bxd6 20. Nxd6+ Kb8 21. Re7 Rxf2+ 22. Kb3 Rd8 23. Be3 Re2 24. Rf1 f6 25. Ka3
a6 26. Rd1 Bc2 27. Rd2 Rxd2 28. Bxd2 Ne5 29. Kb2 Bd3 30. Rxb7+ Ka8 31. Rxg7
Bg6 32. Re7 Nxg4 33. Nc4 Ne5 34. Nb6+ Kb8 35. Bf4 Re8 36. Rg7 Be4 37. Rf7
h5 38. a4 Bg2 39. b5 axb5 40. axb5 h4 41. c6 1-0

[Event "36th Olympiad w"]
[Site "Calvia ESP"]
[Date "2004.10.26"]
[Round "11"]
[White "Enhjargal,E"]
[Black "Buckley,M"]
[Result "0-1"]
[WhiteElo "2163"]
[BlackElo "2147"]
[EventDate "2004.10.15"]

1. d4 Nf6 2. c4 e6 3. Nf3 d5 4. Bg5 Bb4+ 5. Nc3 dxc4 6. e3 O-O 7. Bxc4 a6
8. O-O Be7 9. Rc1 b5 10. Bd3 Nbd7 11. e4 c5 12. e5 Nd5 13. Bxe7 Qxe7 14.
Bb1 c4 15. Qc2 g6 16. Qd2 Kg7 17. Rfe1 Bb7 18. Ne4 Rad8 19. Nd6 N7b6 20.
Re4 h6 21. Rh4 Rh8 22. Rg4 Nc8 23. Ne4 h5 24. Rg5 h4 25. h3 Rh6 26. Nh2 f5
27. exf6+ Nxf6 28. Nxf6 Qxf6 29. Ng4 Rxd4 30. Nxf6 Rxd2 31. Ng4 Ne7 32.
Nxh6 Kxh6 33. Rc5 Nd5 34. b3 Nf4 35. Re1 Nxg2 36. Rf1 Nf4 37. bxc4 Nxh3+
38. Kh2 Nxf2 39. Rc7 Nd3+ 40. Kg1 Rg2+ 41. Kh1 Nf2+ 42. Rxf2 Rxf2+ 43. Rxb7
Rf1+ 44. Kg2 Rxb1 45. cxb5 axb5 46. Kh3 Kg5 47. Rb6 Kh5 48. Rxe6 g5 49. Re5
Rb2 50. Rc5 b4 51. Rb5 Rxa2 52. Rxb4 g4+ 53. Rxg4 Ra3+ 0-1

[Event "36th Olympiad w"]
[Site "Calvia ESP"]
[Date "2004.10.26"]
[Round "11"]
[White "Jackova,J"]
[Black "Radziewicz,I"]
[Result "1-0"]
[WhiteElo "2408"]
[BlackElo "2449"]
[EventDate "2004.10.15"]

1. e4 e6 2. d4 d5 3. Nc3 Bb4 4. e5 c5 5. a3 Bxc3+ 6. bxc3 Qc7 7. Qg4 Ne7 8.
Bd3 c4 9. Be2 Nf5 10. Bd1 Bd7 11. Ne2 Nc6 12. O-O O-O-O 13. Ng3 Rdg8 14. a4
Qa5 15. Qf3 g5 16. h3 Nh4 17. Qe3 Ne7 18. Bh5 Rg7 19. Ba3 Nef5 20. Qd2 Qd8
21. a5 a6 22. Bc5 f6 23. exf6 Qxf6 24. Rab1 Bc6 25. Rb6 Ng6 26. Qc1 Nf4 27.
Qb2 Rc7 28. Rb1 Kd7 29. Rf1 Nh4 30. Qb4 Nhxg2 31. Bd6 Rhc8 32. Be5 Qf8 33.
Qxf8 Rxf8 34. Bxc7 Kxc7 35. Bg4 Kd6 36. Ne2 Nxe2+ 37. Kxg2 Nxc3 38. Re1 Rf6
39. Re3 Nb5 40. c3 h6 41. Bd1 Rf4 42. Ba4 Rf6 43. Bxb5 axb5 44. Rf3 Rg6 45.
Rf7 b4 46. Rxb4 Rg8 47. Rb6 Ra8 48. Rfxb7 Rxa5 49. Rh7 Ra3 50. Rb8 Ba4 51.
Ra7 Rxc3 52. Rxa4 Rd3 53. Rb6+ Ke7 54. Raa6 c3 55. Rxe6+ Kd7 56. Rxh6 1-0

[Event "36th Olympiad w"]
[Site "Calvia ESP"]
[Date "2004.10.26"]
[Round "11"]
[White "Socko,M"]
[Black "Sikorova,O"]
[Result "1-0"]
[WhiteElo "2439"]
[BlackElo "2252"]
[EventDate "2004.10.15"]

1. d4 Nf6 2. Nf3 e6 3. Bg5 h6 4. Bxf6 Qxf6 5. Nbd2 d6 6. e4 Nd7 7. Bc4 g6
8. O-O Bg7 9. Re1 O-O 10. c3 Qe7 11. e5 b6 12. Qb3 dxe5 13. dxe5 Bb7 14.
Bf1 Rad8 15. Rad1 Qc5 16. Qa4 Bxf3 17. Nxf3 Nxe5 18. Nd4 a5 19. h3 g5 20.
Re4 Ng6 21. Nb3 Qe7 22. Rde1 Rd6 23. Nc1 Rfd8 24. Qb3 Qf6 25. R4e3 Nf4 26.
g3 Nd5 27. Re4 Ne7 28. R4e2 Bf8 29. Qc4 R8d7 30. Nb3 Nf5 31. Bg2 Rd1 32.
Rxd1 Rxd1+ 33. Kh2 Bd6 34. Nd2 h5 35. Ne4 Qe7 36. Qa4 Ra1 37. Qc4 h4 38.
Qd3 hxg3+ 39. fxg3 Be5 40. Bf3 Nd6 41. Nf2 Bg7 42. a3 Ne8 43. Kg2 Nd6 44.
Bg4 Nb7 45. Qf3 Nc5 46. Bh5 Qf6 47. Qa8+ Bf8 48. Bf3 Qe7 49. Ng4 Nd7 50.
Nh6+ Kh7 51. Nf5 Qc5 52. Nd4 Nf6 53. Qd8 Be7 54. Qc8 Rb1 55. Qb7 Kg7 56.
Qa6 Ra1 57. Rxe6 Rb1 58. Re2 Bd6 59. Qd3 Ra1 60. Re3 Nd5 61. Nf5+ Kg8 62.
Bxd5 Bf4 63. Be4 f6 64. Qd8+ Kf7 65. Qd7+ Kf8 1-0

[Event "36th Olympiad w"]
[Site "Calvia ESP"]
[Date "2004.10.26"]
[Round "11"]
[White "Blazkova,P"]
[Black "Zielinska,Mar"]
[Result "0-1"]
[WhiteElo "2214"]
[BlackElo "2395"]
[EventDate "2004.10.15"]

1. e4 g6 2. d4 Bg7 3. Nc3 d6 4. Be3 a6 5. Qd2 Nd7 6. Bc4 e6 7. a4 b6 8.
Nge2 Bb7 9. O-O Ndf6 10. f3 h6 11. Nf4 Ne7 12. Nd3 g5 13. Nf2 Ng6 14. Rad1
Qe7 15. Rfe1 O-O 16. f4 gxf4 17. Bxf4 Nxf4 18. Qxf4 Nh7 19. Nh3 Kh8 20. Kh1
Rg8 21. Ne2 Raf8 22. Ng3 Nf6 23. Qh4 Re8 24. Bd3 Bf8 25. Nh5 Ng4 26. Qxe7
Bxe7 27. Rd2 Bd8 28. Rf1 f5 29. Re2 c5 30. c3 cxd4 31. cxd4 Nf6 32. Nxf6
Bxf6 33. exf5 exf5 34. Rxe8 Rxe8 35. Bxf5 Bxd4 36. b4 Re2 37. Nf4 Rb2 38.
b5 axb5 39. axb5 Be3 40. Ng6+ Kg7 41. Nh4 Bg5 42. Nf3 Rxb5 43. Nd4 Rb2 44.
Bh3 Be4 45. Nf5+ Bxf5 46. Bxf5 b5 47. g3 b4 48. h4 Bf6 49. Rb1 Rf2 50. Be6
Bc3 51. Kg1 Re2 52. Bc4 Re4 53. Bf1 Rg4 54. Kf2 Kf6 55. Kf3 Rg8 56. g4 Ke5
57. Bd3 Rf8+ 58. Ke2 Kd4 59. Bb5 Kc5 60. Bd3 Kd4 61. Bb5 Rf7 62. Rd1+ Kc5
63. Ba4 Rf4 64. g5 hxg5 65. hxg5 Rg4 66. Bb3 Rxg5 67. Kd3 Rg2 68. Bc2 d5
69. Bb3 Rh2 70. Ba4 Rg2 71. Bb3 Rg3+ 72. Kc2 Rg2+ 73. Kd3 Rb2 74. Ba4 d4
75. Rh1 b3 76. Rh7 Rd2+ 77. Ke4 b2 78. Rb7 Bb4 79. Rc7+ Kb6 0-1

[Event "36th Olympiad w"]
[Site "Calvia ESP"]
[Date "2004.10.26"]
[Round "11"]
[White "Reizniece,D"]
[Black "Mamedjarova,Z"]
[Result "0-1"]
[WhiteElo "2278"]
[BlackElo "2349"]
[EventDate "2004.10.15"]

1. g3 d5 2. Bg2 Nf6 3. c4 e6 4. Nf3 Be7 5. O-O O-O 6. b3 c5 7. Bb2 Nc6 8.
e3 dxc4 9. bxc4 Qb6 10. Qb3 Na5 11. Qc2 Nxc4 12. Bc3 Nd6 13. Ne5 Nd5 14. f4
Qc7 15. g4 b6 16. Rf3 Bb7 17. Rh3 f5 18. Bb2 Rad8 19. g5 Nf7 20. Qd1 g6 21.
Na3 Nxe5 22. Bxe5 Qd7 23. Qe1 Rf7 24. Nc4 b5 25. Na5 Ba8 26. Qf1 a6 27. Nb3
Nb4 28. Bxa8 Rxa8 29. a3 Nc6 30. Bc3 Qd5 31. Qg2 Qxg2+ 32. Kxg2 Rd8 33. Rf3
Bf8 34. h4 c4 35. Na5 Nxa5 36. Bxa5 Rd5 37. Bc3 Bg7 38. h5 Bxc3 39. dxc3
Rd3 40. Rh3 gxh5 41. Rxh5 Rxe3 42. Rd1 Rd3 43. Re1 Rd2+ 44. Kg3 Rfd7 45.
Rhh1 R7d3+ 46. Kh4 Kf7 47. Kh5 Rf2 48. Rh4 Rff3 49. Re5 Rh3 50. Rc5 Rxh4+
51. Kxh4 Rxc3 52. Rc7+ Kg6 53. Rc6 Re3 54. Rxa6 Re4 55. Kg3 c3 0-1

[Event "36th Olympiad w"]
[Site "Calvia ESP"]
[Date "2004.10.26"]
[Round "11"]
[White "Velikhanli,F"]
[Black "Erneste,I"]
[Result "1/2-1/2"]
[WhiteElo "2322"]
[BlackElo "2310"]
[EventDate "2004.10.15"]

1. e4 e5 2. Nf3 Nc6 3. Bb5 a6 4. Ba4 Nf6 5. d3 d6 6. c3 Be7 7. O-O O-O 8.
h3 b5 9. Bc2 d5 10. Nbd2 Re8 11. Re1 Bf8 12. a4 Bb7 13. Qe2 b4 14. Nf1 a5
15. Bg5 bxc3 16. bxc3 dxe4 17. dxe4 Ba6 18. Qe3 h6 19. Bh4 Qd6 20. Ng3 Qe6
21. Nf5 Nd7 22. Rad1 Nb6 23. Nd2 Nc4 24. Nxc4 Bxc4 1/2-1/2

[Event "36th Olympiad w"]
[Site "Calvia ESP"]
[Date "2004.10.26"]
[Round "11"]
[White "Berzina,I"]
[Black "Shukurova,M"]
[Result "0-1"]
[WhiteElo "2240"]
[BlackElo "2281"]
[EventDate "2004.10.15"]

1. e4 c5 2. Nf3 e6 3. d4 cxd4 4. Nxd4 a6 5. Nc3 Qc7 6. g3 Bb4 7. Nde2 Nf6
8. Bg2 Be7 9. O-O O-O 10. h3 Nc6 11. g4 b5 12. Ng3 b4 13. Nd5 exd5 14. exd5
Bc5 15. dxc6 Qxg3 16. Kh1 Qh4 17. g5 Ne4 18. Qd5 Nxf2+ 19. Kh2 d6 20. Qf3
Ng4+ 21. Kh1 Ne5 0-1

[Event "36th Olympiad w"]
[Site "Calvia ESP"]
[Date "2004.10.26"]
[Round "11"]
[White "Bosboom Lanchava,T"]
[Black "Muzychuk,A"]
[Result "0-1"]
[WhiteElo "2352"]
[BlackElo "2383"]
[EventDate "2004.10.15"]

1. d4 f5 2. g3 Nf6 3. Nh3 g6 4. Nf4 e6 5. h4 d6 6. Bg2 Qe7 7. c4 c6 8. Qa4
Nbd7 9. Qa3 e5 10. dxe5 dxe5 11. Qxe7+ Bxe7 12. Ne6 Bd6 13. Ng5 a5 14. Bd2
a4 15. Bc3 h6 16. Nh3 Ke7 17. Nd2 Rg8 18. e4 Nc5 19. f3 Nh5 20. Kf2 fxe4
21. fxe4 Rf8+ 22. Bf3 Bg4 23. Kg2 Bxf3+ 24. Nxf3 Nxe4 25. Bxe5 Nhxg3 26.
Rhe1 Bxe5 27. Nxe5 Rfd8 28. Nxg6+ Kf6 29. Ngf4 Rd2+ 30. Kf3 Kf5 31. Ng2 Rf8
32. Ngf4 Rxb2 33. Nd3 Rc2 34. Ke3 Rd8 35. Rab1 Rxd3+ 36. Kxd3 Rc3+ 37. Kd4
c5+ 0-1

[Event "36th Olympiad w"]
[Site "Calvia ESP"]
[Date "2004.10.26"]
[Round "11"]
[White "Srebrnic,A"]
[Black "Schuurman,P"]
[Result "1-0"]
[WhiteElo "2245"]
[BlackElo "2333"]
[EventDate "2004.10.15"]

1. Nf3 c5 2. c4 g6 3. e4 Nc6 4. d4 cxd4 5. Nxd4 Bg7 6. Be3 Nf6 7. Nc3 O-O
8. Be2 d6 9. O-O Bd7 10. Nc2 a6 11. f3 Be6 12. Qd2 Nd7 13. Rab1 Rb8 14. Nd5
b5 15. cxb5 axb5 16. Ncb4 Bxd5 17. Nxd5 b4 18. a3 b3 19. Nb4 Nxb4 20. axb4
Qc8 21. Rfc1 Qb7 22. b5 Rfc8 23. Rxc8+ Rxc8 24. Qb4 Nc5 25. Bxc5 Rxc5 26.
Qxb3 Bd4+ 27. Kh1 Rh5 28. Qc4 e5 29. Qd5 Qe7 30. g3 Qd7 31. Bc4 g5 32. Ra1
Qe7 33. Ra8+ Kg7 34. b6 Bxb6 35. Rb8 Qf6 36. Qxf7+ Qxf7 37. Bxf7 Kxf7 38.
Rxb6 Ke6 39. Kg2 Kd7 40. Rb7+ Kc6 41. Rg7 Kc5 42. g4 Rh6 43. Rxg5 Re6 44.
Rg7 h6 45. h4 Kd4 46. h5 Ke3 47. Rg6 Re8 48. Rxh6 d5 49. exd5 Rb8 50. Re6
Rxb2+ 51. Kg3 Kd4 52. d6 Rb8 53. d7 Rd8 54. Rd6+ 1-0